Stati sopra o sotto l'Equatore? - Quiz n°2 - Statistics

Statistiche generali
  • Questo quiz è stato fatto 52 volte
  • Il punteggio medio è 8 su 10
Statistiche sulle risposte
Hint Risposta % Corretto
Qatar Nord dell'Equatore
95%
Botswana Sud dell'Equatore
93%
Repubblica Dominicana Nord dell'Equatore
86%
Cile Sud dell'Equatore
82%
Guatemala Nord dell'Equatore
80%
Antigua e Barbuda Nord dell'Equatore
77%
Costa d'Avorio Nord dell'Equatore
73%
Malaysia Nord dell'Equatore
66%
Repubblica Centrafricana Nord dell'Equatore
61%
Guyana Nord dell'Equatore
61%
Nessun quiz corrispondente trovato
Distribuzione punteggi
Percentuale di utenti per punteggio
Percentile per numero di risposta
I tuoi punteggi nel tempo
Non hai fatto questo quiz